000 00906pam a2200301 a 4500
001 2106
003 FISKH
005 20231110091029.0
008 860221t19861985nyu j 000 1 eng
010 _a 86004857
020 _a014031881X (pbk.) :
020 _a9780140318814
040 _aDLC
_cDLC
_dDLC
_beng
042 _alcac
050 1 0 _aPZ7.B9836
_bCr 1986
082 0 0 _a813
_219
100 1 _aByars, Betsy Cromer.
245 1 0 _aCracker Jackson /
_cBetsy Byars.
260 _aNew York :
_bPuffin Books,
_c1985.
300 _a146 pages ;
_c20 cm.
505 _aR
520 _aAfter attempting to save his ex-babysitter from wife abuse, Cracker Jackson gains an adult insight into the sadness of failed heroics.
521 8 _a710
_bLexile
521 8 _aR
_bRaz-Plus
650 1 _aWife abuse
_xFiction.
906 _a7
_bcbc
_corignew
_d1
_eocip
_f19
_gy-gencatlg
942 _2ddc
_cBK
_n0
999 _c2106
_d2106